000 00297nam a22001217a 4500
008 230620b xxu||||| |||| 00| 0 eng d
082 _a327.1
_bUNI
100 _cUNI
245 _aDisarmament
_bNaval Confidence-building Measures
260 _aNewyork
_bUN
_c1990
300 _a320p
942 _2ddc
_cBK
999 _c1863
_d1863